Analýza mriežkových dosiek nad pravouhlým pôdorysom

Na minha lista:
Detalhes bibliográficos
Autor principal: Štiglic, Martin, 1987- (Author)
Outros Autores: Tvrdá, Katarína, 1966- (Thesis advisor)
Formato: Manuscrito Livro
Idioma:eslovaco
Publicado em: Bratislava : STU v Bratislave SvF, 2011
Assuntos:
Acesso em linha:VAIS
Tags: Adicionar Tag
Sem tags, seja o primeiro a adicionar uma tag!

MARC

LEADER 00000ntm a22000003a 4500
001 stu230039
005 20150617230132.5
008 110708s2011----xo------------------slo-d
040 |a STU  |b slo 
041 0 |a slo 
044 |a xo 
100 1 |a Štiglic, Martin,  |d 1987-  |4 aut  |u V250  |U SvF Stavebná fakulta  |T SvF Katedra stavebnej mechaniky  |X 39030  |U V250  |Y 26  |7 A000039030 
242 0 0 |a Plate grids analysis above rectangular ground plan  |y eng 
245 1 |a Analýza mriežkových dosiek nad pravouhlým pôdorysom 
260 |a Bratislava :  |b STU v Bratislave SvF,  |c 2011 
650 7 |a matematicko-počítačové modelovanie  |2 stusub 
650 7 |a Mathematical and Computational Modeling  |2 estusub 
650 7 |a sensitivity analysis  |2 estusub 
650 7 |a citlivostná analýza  |2 stusub 
650 7 |a Monte Carlo  |2 stusub 
650 7 |a statická analýza  |2 stusub 
650 7 |a priehradová konštrukcia  |2 stusub 
700 1 |a Tvrdá, Katarína,  |d 1966-  |4 ths  |u V250  |U SvF Stavebná fakulta  |T SvF Katedra stavebnej mechaniky  |X 662  |U V250  |Y 26  |7 A000000662 
856 4 |a info a plný text  |u http://is.stuba.sk/zp/portal_zp.pl?podrobnosti=71151  |3 VAIS